Central Library OPAC University of Rajshahi

Management of rural development / (Record no. 34149)

MARC details
000 -LEADER
fixed length control field 01023nam a2200301 a 4500
001 - CONTROL NUMBER
control field 34149
003 - CONTROL NUMBER IDENTIFIER
rucl marc code BD-RjUL
005 - DATE AND TIME OF LATEST TRANSACTION
control field 20211209052120.0
008 - FIXED-LENGTH DATA ELEMENTS--GENERAL INFORMATION
fixed length control field 140514s1990 ii a b 101 0 eng
020 ## - INTERNATIONAL STANDARD BOOK NUMBER
International Standard Book Number 8171002595
035 ## - SYSTEM CONTROL NUMBER
System control number (BD-RjUL)34243
040 ## - CATALOGING SOURCE
Original cataloging agency DLC
Transcribing agency DLC
Modifying agency BD-RjUL
Language of cataloging eng
041 ## - LANGUAGE CODE
Language code of text/sound track or separate title eng
082 ## - DEWEY DECIMAL CLASSIFICATION NUMBER
Classification number 307.140954
Author mark and year MAN 1990
245 00 - TITLE STATEMENT
Title Management of rural development /
Statement of responsibility, etc. edited by B.S. Bhatia, Prem Kumar, A.S. Chawla.
260 ## - PUBLICATION, DISTRIBUTION, ETC. (IMPRINT)
Place of publication, distribution, etc. New Delhi :
Name of publisher, distributor, etc. Deep & Deep Publications,
Date of publication, distribution, etc. c1990.
300 ## - PHYSICAL DESCRIPTION
Pagination xv, 320 p. :
Illustrations ill. ;
Size 22 cm.
500 ## - GENERAL NOTE
General note Seminar papers in the Indian context with partial reference to Punjab.
504 ## - BIBLIOGRAPHY, ETC. NOTE
Bibliography, etc Includes bibliography and index.
650 #0 - SUBJECT ADDED ENTRY--TOPICAL TERM
Topical term or geographic name as entry element Rural development
Geographic subdivision India
General subdivision Congresses.
9 (RLIN) 103798
Topical term or geographic name as entry element Rural development
Geographic subdivision India
-- Punjab
General subdivision Congresses.
9 (RLIN) 103799
700 1# - ADDED ENTRY--PERSONAL NAME
Personal name Bhatia, B. S.
Personal name Kumar, Prem.
Personal name Chawla, A. S.
Fuller form of name (Arvinder Singh)
942 ## - ADDED ENTRY ELEMENTS (KOHA)
Source of classification or shelving scheme Dewey Decimal Classification
Koha item type Books
Holdings
Lost status Source of classification or shelving scheme Damaged status Not for loan Collection code Permanent Location Current Location Shelving location Date acquired Source of acquisition Cost, normal purchase price Total Checkouts Full call number Date last seen Copy number Koha item type
  Dewey Decimal Classification     Non-fiction Central Library, University of Rajshahi Central Library, University of Rajshahi   25/06/1997 Dhaka, Paragon Enterprises Ltd. 300.00   307.140954 MAN 1990 14/05/2014 C-2 Books
  Dewey Decimal Classification   Not For Loan Non-fiction Central Library, University of Rajshahi Central Library, University of Rajshahi Reading Room 25/06/1997 Dhaka, Paragon Enterprises Ltd 300.00   307.140954 MAN 1990 10/12/2016 C-1 Books